Jésus-Christ / (Record no. 167358)
[ view plain ]
| 000 -LEADER | |
|---|---|
| campo de control de longitud fija | 01345nam a22002895i 4500 |
| 001 - NÚMERO DE CONTROL | |
| campo de control | 167358 |
| 003 - IDENTIFICADOR DE NÚMERO DE CONTROL | |
| campo de control | ES-MaACL |
| 005 - FECHA Y HORA DE LA ÚLTIMA TRANSACCIÓN | |
| campo de control | 20251013220155.0 |
| 008 - DATOS DE LONGITUD FIJA--INFORMACIÓN GENERAL | |
| campo de control de longitud fija | 001011s1875 fr af |||| | fre d |
| 040 ## - FUENTE DE CATALOGACIÓN | |
| Centro catalogador/agencia de origen | EUS |
| Lengua de catalogación | spa |
| Centro/agencia transcriptor | EUS |
| 100 1# - ENTRADA PRINCIPAL--NOMBRE DE PERSONA | |
| Nombre de persona | Veuillot, Louis ( |
| Fechas asociadas al nombre | 1813-1883) |
| 9 (RLIN) | 133656 |
| 245 10 - MENCIÓN DEL TÍTULO | |
| Título | Jésus-Christ / |
| Mención de responsabilidad, etc. | par Louis Veuillot ; avec une étude sur l'art chrétien par E. Cartier ; ouvrage contenant 180 gravures exécutées par Huyot père et fils et 16 chromolithographies, d'après les monuments·de l'art depuis les catacombes jusqu'à nos jours. |
| 250 ## - MENCION DE EDICION | |
| Mención de edición | 2e. éd. |
| 260 ## - PUBLICACIÓN, DISTRIBUCIÓN, ETC. | |
| Lugar de publicación, distribución, etc. | Paris : |
| Nombre del editor, distribuidor, etc. | Librairie de Firmin-Didot Frères, Fils et Cie, |
| Fecha de publicación, distribución, etc. | 1875. |
| 300 ## - DESCRIPCIÓN FÍSICA | |
| Extensión | VIII, 572 p., [16] h. de cromolitogr. : |
| Otras características físicas | il. ; |
| Dimensiones | 28 cm. |
| 597 ## - NOTA DE DESCRIPCIÓN FÍSICA | |
| NOTA DE DESCRIPCIÓN FÍSICA | Signaturizado. |
| 597 ## - NOTA DE DESCRIPCIÓN FÍSICA | |
| NOTA DE DESCRIPCIÓN FÍSICA | Antep. |
| 599 ## - NOTA A LAS ILUSTRACIONES | |
| NOTA A LAS ILUSTRACIONES | Las h. de cromolitogr. : Pralon, Thurwanger, Guesnu, Compére, Kellerhoven ... [etc.] lith., Imp. Fraillery. |
| 599 ## - NOTA A LAS ILUSTRACIONES | |
| NOTA A LAS ILUSTRACIONES | Las il. son numerosas litogr. de cuadros, grabados, frescos ... intercaladas en el texto. |
| 600 04 - PUNTO DE ACCESO ADICIONAL DE MATERIA--NOMBRE DE PERSONA | |
| Nombre de persona | Jesucristo. |
| 9 (RLIN) | 66361 |
| 650 #7 - PUNTO DE ACCESO ADICIONAL DE MATERIA--TÉRMINO DE MATERIA | |
| Término de materia o nombre geográfico como elemento de entrada | Arte cristiano |
| Fuente del encabezamiento o término | |
| 9 (RLIN) | 135612 |
| 700 1# - ENTRADA AGREGADA--NOMBRE PERSONAL | |
| Nombre de persona | Cartier, Étienne, |
| Fechas asociadas al nombre | 1813-1887 |
| 9 (RLIN) | 35897 |
| 700 1# - ENTRADA AGREGADA--NOMBRE PERSONAL | |
| Nombre de persona | Huyot, Étienne, |
| Fechas asociadas al nombre | 1808-1885 |
| 9 (RLIN) | 151688 |
| 700 1# - ENTRADA AGREGADA--NOMBRE PERSONAL | |
| Nombre de persona | Huyot, Jules Jean Marie Joseph, |
| Fechas asociadas al nombre | 1841-1921 |
| 9 (RLIN) | 151689 |
| 852 ## - LOCALIZACIÓN | |
| Ubicación | ES-MaACL |
| Número de control de estantería | G-8281 |
| Nota libre | -- Enc. tela |
| Estatus retirado | Estado de pérdida | Estado de daño | No para préstamo | Colección | Biblioteca de origen | Biblioteca actual | Ubicación en estantería | Fecha de adquisición | Fuente de adquisición | Total de préstamos | Signatura topográfica completa | Código de barras | Visto por última vez | Precio de reemplazo | Tipo de ítem Koha |
|---|---|---|---|---|---|---|---|---|---|---|---|---|---|---|---|
| Libros del s. XIX | Biblioteca del Ateneo de Madrid | Biblioteca del Ateneo de Madrid | Sala Pecera Planta 3 | 17/01/2008 | G-8281 | 1175566 | 23/02/2023 | 23/02/2023 | Libro impreso antiguo |
